00726 2200229 4500001002100000005001700021008004100038035002400079082001200103090001700115245008000132250001100212260012900223300002500352500002600377650002100403700002100424850001500445980001500460985000600475999001500481YOGYA-0209000003575020090227025040.0 ind  0010-020900000035750 a992.123 a992.123bSej aSejarah kebangkitan nasional di daerah Lampungcpenyunting, Sutrisno Kutoyo aCet. 1 aJakartabDepdikbud.Direktorat Sejarah dan Nilai Tradisional Proyek Inventarisasi dan Dokumentasi Sejarah Nasionalc1978-1979 a109 hlmbilusc21 cm aBibliografi : hlm. 99 aLampungxSejarah aKutoyo, Sutrisno aYOPDYOG(B) a10-10-2006 a1 aa000061579